<?xml version="1.0" encoding="UTF-8"?>
<collection xmlns="http://www.loc.gov/MARC21/slim">
 <record>
  <leader>03326nam a2200265 a 4500</leader>
  <controlfield tag="001">TVCDKTCT12603</controlfield>
  <controlfield tag="003">Thư viện trường Cao đẳng Kỹ thuật Cao Thắng</controlfield>
  <controlfield tag="005">20100910000000</controlfield>
  <controlfield tag="008">100910</controlfield>
  <datafield tag="980" ind1="\" ind2="\">
   <subfield code="a">Thư viện Trường CĐ Kỹ Thuật Cao Thắng</subfield>
  </datafield>
  <datafield tag="024" ind1=" " ind2=" ">
   <subfield code="a">RG_1 #1 eb0 i3</subfield>
  </datafield>
  <datafield tag="041" ind1="0" ind2="#">
   <subfield code="a">vie</subfield>
  </datafield>
  <datafield tag="082" ind1="#" ind2="#">
   <subfield code="a">621.815 / </subfield>
   <subfield code="b">QU105L-l</subfield>
  </datafield>
  <datafield tag="100" ind1="1" ind2="#">
   <subfield code="a">Nguyễn Minh Tâm</subfield>
  </datafield>
  <datafield tag="245" ind1="0" ind2="0">
   <subfield code="a">Đồ án tốt nghiệp: Quản Lý khách sạn (kèm đĩa CD) /</subfield>
   <subfield code="c">Nguyễn Minh Tâm, Lê Thị Thúy An</subfield>
  </datafield>
  <datafield tag="260" ind1="#" ind2="#">
   <subfield code="a">Tp. HCM :</subfield>
   <subfield code="b">Trường Cao đẳng kỹ thuật Cao Thắng ,</subfield>
   <subfield code="c">2010</subfield>
  </datafield>
  <datafield tag="300" ind1="#" ind2="#">
   <subfield code="a">43tr.</subfield>
  </datafield>
  <datafield tag="520" ind1="#" ind2="#">
   <subfield code="a">Hiện nay, CNTT rất phát triển trên thế giới và đặc biệt ở Việt Nam. Cùng với sự bùng nổ của Internet, các công ty lớn, các nhà hàng hay dịch vụ đều mư61n giới thiệu những mặt hàng của mình lên thị trường. Việc ứng dụng sự đồng bộ để người dùng có thể làm việc cùng nhau tại một thời điểm qua Internet đã thực hiện từ lâu. Các tiện ích giúp cho con người có thể tương tác tức thời với nhau thông qua Internet, điều cho chiếm vị trí quan trọng trong các ứng trên Internet hiện nay.</subfield>
  </datafield>
  <datafield tag="520" ind1="#" ind2="#">
   <subfield code="a"> Xã hội càng phát triển thì yêu cầu chất lượng cuộc sống ngày càng cao, đòi hỏi các dịch vụ  với chất lượng tốt. Khách sạn là đỉnh cao của ngành công nghiệp dịch vụ, để đón đầu xu thế hội nhập và mở cửa của Việt nam, các khách sạn mọc lên ngày càng nhiều. Muốn tồn tại và phát triển thì mỗi khách sạn không ngừng trang bị nội thất và nâng cao chất lượng  dịch vụ.</subfield>
  </datafield>
  <datafield tag="520" ind1="#" ind2="#">
   <subfield code="a">Nhưng khách sạn càng hiện đại thì công việc quản lý càng phức tạp vì người quản lý phải bao quát toàn bộ các hoạt động của khách sạn từ việc đặt phòng, trả phòng đến việc quản lý việc sử dụng các dịch vụ của khách...</subfield>
  </datafield>
  <datafield tag="520" ind1="#" ind2="#">
   <subfield code="a">Hàng ngày, hàng tuần, hàng tháng, hàng năm người quản lý còn phải  báo cáo chi tiết tình hình doanh thu từ việc cho thuê phòng và đáp ứng các dịch vụ cho khách hàng...</subfield>
  </datafield>
  <datafield tag="520" ind1="#" ind2="#">
   <subfield code="a">Vì thế việc lưu trữ hồ sơ khách hàng cũng như những thông tin khác phức tạp mà tốn thời gian. Nhà lãnh đạo khó có thể giữ những thông tin nhạy cảm.</subfield>
  </datafield>
  <datafield tag="520" ind1="#" ind2="#">
   <subfield code="a">Việc tổng hợp thông thông tin phục vụ cho báo cáo thống kê tốn nhiều thời gian và rất phức tạp. Để giải quyết các vấn đề nêu trên thì những người quản lý cần phải có một công cụ hỗ trợ đắc lực &quot; Phần mềm quản lý khách sạn&quot;</subfield>
  </datafield>
  <datafield tag="650" ind1="#" ind2="4">
   <subfield code="a">Quản lý khách sạn</subfield>
  </datafield>
  <datafield tag="700" ind1="0" ind2="#">
   <subfield code="a">Lê Thị Thúy An</subfield>
  </datafield>
 </record>
</collection>
